000 00672nam a2200253Ia 4500
003 OSt
005 20221005043417.0
006 a|||||r|||| 00| 0
007 ta
008 221004b |||||||| |||| 00| 0 san d
020 _a8186867066
024 _a23062
037 _cTextual
040 _aCRL
_cCRL
_bsan
041 _2san
_asan
082 _aO15,1A1:g, 111N7
100 _aMukundan A P
_9394316
245 0 _aUnto Brahma consciousness
260 _aFaridabad
_bOm Publications India
_c1997
300 _a200p.
_ccm.
650 _aSANSKRIT LITERATURE
942 _hO15,1A1:g, 111N7
_cTEXL
_2cc
999 _c951778
_d951778